000 00327 a2200157 4500
001 57591
020 _a
040 _cAnchieta - Pituba
100 _aMarques, Octamar
240 1 0 _aMatemática, 2º grau
_lpor
245 1 0 _aMatemática, 2º grau
300 _a214
362 0 _a1999
650 4 _aMatemática
942 _cBK
999 _c57591
_d57591